000 01510cam a22003857a 4500
003 CHAP
005 20220817043850.0
008 010926d mx r 00110 spa d
010 _a86516
011 _a87488
020 _a9701868021
035 _a98032
040 _cCHAP
090 _aFolleto 16534
100 0 0 _aLópez Cortés, Alejandro.
245 1 0 _aCianobacterias criptobióticas :
_buna alternativa de agricultura orgánica
_c/por Alejandro López-Cortés
260 _aLa Paz, B.C.S. :
_bCentro de Investigaciones Biológicas del Noroeste. Programa de Agricultura en Zonas Aridas,
_c2001.
300 _a28 p. :
_bilus.
410 0 0 _aCentro de Investigaciones Biológicas del Noroeste.
_bPrograma de Agricultura en Zonas Aridas
490 0 _aPublicación de Transferencia y Divulgación
_v; 7
590 _aBATCH-UPD
_b10
_c20130110
_lUCH01
_h0727
590 _aBATCH-UPD
_b10
_c20130410
_lUCH01
_h0411
590 _aBATCH-UPD
_b10
_c20130913
_lUCH01
_h2231
590 _aCONVERSION
_b10
_c20130109
_lUCH01
_h1348
650 1 4 _aAgricultura orgánica.
_92005
650 1 4 _aBiofertilizantes.
_912734
650 1 4 _aCyanobacteria.
650 1 4 _aSuelos
_xConservación.
_9110283
810 0 0 _aCentro de Investigaciones Biológicas del Noroeste.
_bPrograma de Agricultura en Zonas Aridas
_921117
830 0 0 _aPublicación de Transferencia y Divulgación
_v; 7
_992755
901 _aBK
905 _aAlejandra Carrasco M.
942 _cFOLL
949 _aFolleto 16534
_bBC
_cFOLL
_d980321
_eTS1
_i98032
_sb
999 _c86516
_d86516